Statistiques concernant De quelle marque s'agit-il?

Cliquez ici pour prendre le quiz!

Statistiques générales

  • Ce quiz a été pris 380 fois
  • Le résultat moyen est 16 sur 20

Statistiques - réponses

Réponse% Correct
Amazon
99%
Apple
99%
Google
99%
Adidas
98%
Puma
97%
Pepsi
96%
Wikipedia
95%
Monster
92%
Playstation
90%
Starbucks
90%
Burger King
86%
Microsoft
86%
Pringles
86%
Spotify
86%
Shell
84%
Pizza hut
75%
Kodak
53%
North Face
46%
Dolby
38%
Walmart
19%

Distribution des résultats

Percentile par nombre de réponses

% des personnes avec chaque résultat

Votre développement - résultats

Vous n’avez pas pris ce quiz